| 000 | 01090aam a2200325 a 4500 | ||
|---|---|---|---|
| 001 | 015986800 | ||
| 003 | OSt | ||
| 005 | 20201128021009.0 | ||
| 008 | 110815t2012 xxkadk frb 001 0 eng d | ||
| 010 | _a2011034696 | ||
| 020 | _a9781409434429 (cased) | ||
| 020 | _a1409434427 (cased) | ||
| 020 | _z9781409434436 (e-book) | ||
| 020 | _z1409434435 (e-book) | ||
| 040 |
_aStDuBDS _beng _cStDuBDS _dUk |
||
| 082 | 0 | 0 |
_a338.064 _222 _bPIP |
| 100 | 1 |
_aPiperopoulos, Panos G. _934834 |
|
| 245 | 1 | 0 |
_aEntrepreneurship, innovation and business clusters / _cPanos G. Piperopoulos. |
| 260 |
_aFarnham, United Kingdom : _bGower, _cc.2012. |
||
| 300 |
_axix, 217 p. : _bchart, forms, tables ; _c25 cm. |
||
| 500 | _aIndex : p. 211-217. | ||
| 504 | _aIncludes bibliographical references. | ||
| 650 | 0 |
_aDiffusion of innovations _934835 |
|
| 650 | 0 |
_aTechnological innovations _xEconomic aspects. _934772 |
|
| 650 | 0 |
_aEntrepreneurship. _9240 |
|
| 650 | 0 |
_aIndustrial clusters _934836 |
|
| 653 |
_bBUSADM _cJanuary2014 _cMarch2015 |
||
| 655 |
_vreading book _934232 |
||
| 942 |
_2ddc _k338.064 PIP |
||
| 999 |
_c17920 _d17892 |
||